<?xml version="1.0" encoding="UTF-8"?>
<record
    xmlns:xsi="http://www.w3.org/2001/XMLSchema-instance"
    xsi:schemaLocation="http://www.loc.gov/MARC21/slim http://www.loc.gov/standards/marcxml/schema/MARC21slim.xsd"
    xmlns="http://www.loc.gov/MARC21/slim">

  <leader>00855nam0a2200277   4500</leader>
  <controlfield tag="001">RU\NLR\ONL1\6047</controlfield>
  <controlfield tag="005">20250613115045.0</controlfield>
  <datafield tag="035" ind1=" " ind2=" ">
    <subfield code="a">(NLR Aleph) 009634798</subfield>
  </datafield>
  <datafield tag="090" ind1=" " ind2=" ">
    <subfield code="a">9516712</subfield>
    <subfield code="c">9516712</subfield>
  </datafield>
  <datafield tag="100" ind1=" " ind2=" ">
    <subfield code="a">20050803d1932    |||y0rusy50      ca</subfield>
  </datafield>
  <datafield tag="101" ind1="0" ind2=" ">
    <subfield code="a">chm</subfield>
  </datafield>
  <datafield tag="102" ind1=" " ind2=" ">
    <subfield code="a">RU</subfield>
  </datafield>
  <datafield tag="105" ind1=" " ind2=" ">
    <subfield code="a">y |||||||||</subfield>
  </datafield>
  <datafield tag="200" ind1="1" ind2=" ">
    <subfield code="a">&#x41A;&#x44B;&#x43D;&#x44C;&#x44D; &#x432;&#x443;|&#x434;&#x44B;&#x448;&#x430;&#x448; &#x43C;&#x43B;&#x430;&#x43D;&#x434;&#x44B;&#x43C; &#x443;|&#x439;&#x430;&#x43D;|&#x434;&#x44B;&#x43C;&#x44D;</subfield>
    <subfield code="f">&#x410;. &#x413;. &#x411;&#x43B;&#x430;&#x445;&#x442;&#x438;&#x43D;</subfield>
    <subfield code="g">&#x41A;&#x438;&#x448; &#x43A;&#x443;&#x441;&#x430;&#x440;&#x44D;&#x43D;</subfield>
  </datafield>
  <datafield tag="210" ind1=" " ind2=" ">
    <subfield code="a">&#x41C;.</subfield>
    <subfield code="c">&#x421;&#x435;&#x43B;&#x44C;&#x445;&#x43E;&#x437;&#x433;&#x438;&#x437;</subfield>
    <subfield code="d">1932</subfield>
  </datafield>
  <datafield tag="215" ind1=" " ind2=" ">
    <subfield code="a">30 &#x441;.</subfield>
    <subfield code="d">20</subfield>
  </datafield>
  <datafield tag="541" ind1="1" ind2=" ">
    <subfield code="a">&#x423;&#x434;&#x43E;&#x431;&#x440;&#x435;&#x43D;&#x438;&#x44F; &#x43F;&#x43E;&#x434; &#x43A;&#x43E;&#x43D;&#x43E;&#x43F;&#x43B;&#x44E;.</subfield>
    <subfield code="z">rus</subfield>
  </datafield>
  <datafield tag="606" ind1="0" ind2=" ">
    <subfield code="a">&#x423;&#x434;&#x43E;&#x431;&#x440;&#x435;&#x43D;&#x438;&#x44F;</subfield>
    <subfield code="9">907507</subfield>
    <subfield code="3">RU\NLR\auth\6611126</subfield>
  </datafield>
  <datafield tag="686" ind1="1" ind2=" ">
    <subfield code="a">&#x41F;040</subfield>
  </datafield>
  <datafield tag="700" ind1=" " ind2="1">
    <subfield code="a">&#x411;&#x43B;&#x430;&#x445;&#x442;&#x438;&#x43D;</subfield>
    <subfield code="b">&#x410;. &#x413;.</subfield>
    <subfield code="4">070</subfield>
  </datafield>
  <datafield tag="801" ind1=" " ind2="0">
    <subfield code="a">RU</subfield>
    <subfield code="b">NLR</subfield>
    <subfield code="c">20050803</subfield>
    <subfield code="g">PSBO</subfield>
  </datafield>
  <datafield tag="852" ind1=" " ind2=" ">
    <subfield code="a">NLR</subfield>
    <subfield code="b">&#x41E;&#x41D;&#x41B;</subfield>
    <subfield code="j">&#x41C;&#x430;&#x440;.&#x433;./2-414</subfield>
  </datafield>
  <datafield tag="942" ind1=" " ind2=" ">
    <subfield code="c">BOOK</subfield>
  </datafield>
  <datafield tag="980" ind1=" " ind2=" ">
    <subfield code="a">NB</subfield>
  </datafield>
  <datafield tag="995" ind1=" " ind2=" ">
    <subfield code="5">2013-10-26</subfield>
    <subfield code="b">NLR01</subfield>
    <subfield code="c">NLR01</subfield>
    <subfield code="e">ONL</subfield>
    <subfield code="f">1-2414614</subfield>
    <subfield code="k">&#x41C;&#x430;&#x440;.&#x433;./2-414</subfield>
    <subfield code="o">0</subfield>
    <subfield code="r">BOOK</subfield>
    <subfield code="s">2414_</subfield>
  </datafield>
</record>
